[Event "VIII. Karnevals-Open"]
[Site "Solingen"]
[Date "2017.02.26"]
[Round "5.5"]
[White "Tayyar, Alptug"]
[Black "Moser, Axel"]
[Result "0-1"]
[WhiteElo "2002"]
[BlackElo "2178"]
[PlyCount "72"]
[EventDate "2017.??.??"]

1. e4 e5 2. Nf3 Nc6 3. Bb5 a6 4. Ba4 Nf6 5. O-O Be7 6. Re1 b5 7. Bb3 d6 8. c3
O-O 9. h3 Na5 10. Bc2 c5 11. d4 Nd7 12. Nbd2 exd4 13. cxd4 Nc6 14. Nf1 cxd4 15.
Nxd4 Nxd4 16. Qxd4 Ne5 17. Ne3 Bxh3 18. Nd5 Rc8 19. Bb3 Bf6 20. Qd1 Bg4 21. f3
Bd7 22. Be3 Bh4 23. Bb6 Qe8 24. Re2 Kh8 25. Bc7 Bg3 26. f4 Rxc7 27. Nxc7 Qe7
28. Re3 Bxf4 29. Nd5 Bxe3+ 30. Nxe3 Qg5 31. Nd5 Ng4 32. Qc1 Qe5 33. Qf4 Qxb2
34. Rd1 Qa3 35. Ne7 Qc5+ 36. Kf1 Ne3+ 0-1

[Event "VIII. Karnevals-Open"]
[Site "Solingen"]
[Date "2017.02.26"]
[Round "5.6"]
[White "Daverkausen, Bernd"]
[Black "Zettl, Thomas"]
[Result "0-1"]
[WhiteElo "2124"]
[BlackElo "1926"]
[PlyCount "110"]
[EventDate "2017.??.??"]

1. Nf3 g6 2. d4 Bg7 3. g3 d6 4. Bg2 Nc6 5. d5 Nb8 6. O-O Nf6 7. Nc3 O-O 8. Nd4
Bd7 9. e4 c5 10. dxc6 Nxc6 11. Nde2 Rc8 12. h3 Ne5 13. b3 Bc6 14. Be3 b5 15.
Bxa7 b4 16. Nd5 Bxd5 17. exd5 Qc7 18. Be3 Qxc2 19. Nd4 Qxd1 20. Rfxd1 Rfe8 21.
a3 bxa3 22. Rxa3 Ned7 23. Nc6 e6 24. dxe6 fxe6 25. b4 d5 26. b5 Bf8 27. Ra7 Bd6
28. Bg5 Bc5 29. Rb7 Bf8 30. Bf4 Bc5 31. Rc1 e5 32. Bg5 Ba3 33. Rc3 Bb4 34. Rb3
Bc5 35. Bxd5+ Nxd5 36. Rxd7 Nb6 37. Rb7 Ra8 38. Rc3 Na4 39. Rf3 e4 40. Rff7 Bf8
41. Be3 Nc3 42. Rfd7 Ra1+ 43. Kg2 Rd1 44. Nd4 Ra8 45. Ra7 Rb8 46. Rdb7 Re8 47.
Nc6 Nd5 48. Bd4 e3 49. Rxh7 Rxd4 50. Nxd4 Bc5 51. Rag7+ Kf8 52. Rf7+ Kg8 53.
Rfg7+ Kf8 54. Rd7 Bxd4 55. Rxd5 e2 {Zeitüberschreitung} 0-1

[Event "VIII. Karnevals-Open"]
[Site "Solingen"]
[Date "2017.02.26"]
[Round "5.7"]
[White "Schülke, Tilman"]
[Black "Görke, Joachim"]
[Result "1-0"]
[WhiteElo "1949"]
[BlackElo "2075"]
[PlyCount "65"]
[EventDate "2017.??.??"]

1. d4 Nf6 2. c3 g6 3. Bf4 Bg7 4. h3 d6 5. Nf3 Nbd7 6. e3 O-O 7. Bc4 a6 8. a4 b6
9. Nbd2 Bb7 10. Qc2 Qe8 11. O-O e5 12. Bh2 e4 13. Ne1 Rc8 14. Qb3 d5 15. Be2
Qe6 16. Nc2 c5 17. c4 g5 18. a5 g4 19. hxg4 Nxg4 20. Bf4 Qf5 21. Bg3 dxc4 22.
Nxc4 Bd5 23. Nd6 Qe6 24. Bxg4 f5 25. Qa3 fxg4 26. Nxc8 Rxc8 27. axb6 Nxb6 28.
dxc5 Nc4 29. Qxa6 Nxb2 30. Qxe6+ Bxe6 31. Nd4 Bc4 32. Rfb1 Nd3 33. Rb8 1-0

[Event "VIII. Karnevals-Open"]
[Site "Solingen"]
[Date "2017.02.26"]
[Round "5.8"]
[White "Ebert, Jürgen"]
[Black "Müdder, Rafael"]
[Result "0-1"]
[WhiteElo "1914"]
[BlackElo "2029"]
[PlyCount "58"]
[EventDate "2017.??.??"]

1. e4 c5 2. Nc3 Nc6 3. g3 g6 4. Bg2 Bg7 5. d3 Rb8 6. Be3 d6 7. Qd2 b5 8. f4 e6
9. Nf3 Nge7 10. O-O O-O 11. e5 Nd5 12. Nxd5 exd5 13. d4 dxe5 14. dxe5 d4 15.
Bf2 f6 16. Rfe1 fxe5 17. Nxe5 Nxe5 18. fxe5 Re8 19. c3 Bxe5 20. cxd4 cxd4 21.
Qb4 Bb7 22. Rxe5 Rxe5 23. Bxd4 a5 24. Qc3 Rf5 25. g4 Rf7 26. Be5 Rc8 27. Qe3
Bxg2 28. Kxg2 Qd5+ 29. Kg1 Rc2 0-1

[Event "VIII. Karnevals-Open"]
[Site "Solingen"]
[Date "2017.02.26"]
[Round "5.9"]
[White "Sperling, Lennart"]
[Black "Pauls, Wilhelm"]
[Result "1-0"]
[WhiteElo "1912"]
[BlackElo "2009"]
[PlyCount "79"]
[EventDate "2017.??.??"]

1. Nf3 Nf6 2. c4 e6 3. g3 d5 4. d4 dxc4 5. Bg2 a6 6. O-O Be7 7. Ne5 O-O 8. Nxc4
Nc6 9. e3 Rb8 10. Nbd2 Nd5 11. Nf3 b5 12. Nce5 Nxe5 13. Nxe5 Bb7 14. Qe2 c5 15.
e4 Nb6 16. dxc5 Bxc5 17. Rd1 Qe7 18. Be3 Rfd8 19. Rac1 Rxd1+ 20. Rxd1 Rc8 21.
b3 f6 22. Nd3 Bxe3 23. Qxe3 Nd7 24. Bh3 Nf8 25. Nf4 g5 26. Ne2 Qb4 27. e5 g4
28. Bg2 Bxg2 29. Kxg2 Qe7 30. exf6 Qxf6 31. Rd4 h5 32. Rf4 Qg7 33. Qd2 Ng6 34.
Rd4 Qf6 35. Nf4 h4 36. Nxg6 h3+ 37. Kf1 Qxg6 38. Qd1 Qc2 39. Rxg4+ Kf8 40. Qd6+
1-0

[Event "VIII. Karnevals-Open"]
[Site "Solingen"]
[Date "2017.02.26"]
[Round "5.10"]
[White "Scholzen, Wolfgang"]
[Black "Speck, Stefan"]
[Result "1/2-1/2"]
[WhiteElo "2076"]
[BlackElo "1989"]
[PlyCount "61"]
[EventDate "2017.??.??"]

1. d4 c5 2. e3 e6 3. Nf3 a6 4. b3 Nf6 5. Bd3 Nc6 6. O-O d5 7. Bb2 b5 8. c4 bxc4
9. bxc4 Qb6 10. Bc3 Nb4 11. Be2 dxc4 12. Ne5 Nbd5 13. Nxc4 Qa7 14. Ba5 cxd4 15.
exd4 Be7 16. Ne5 O-O 17. Nc6 Qd7 18. Nxe7+ Qxe7 19. Nd2 Bd7 20. Nc4 Rfc8 21. a4
h6 22. Re1 Bc6 23. Bf3 Rab8 24. Ne5 Ba8 25. Rc1 Qa3 26. Ra1 Qe7 27. Qd2 Qe8 28.
Nd3 Qf8 29. Nc5 Qd6 30. Rac1 Nd7 31. Nxd7 1/2-1/2

[Event "VIII. Karnevals-Open"]
[Site "Solingen"]
[Date "2017.02.26"]
[Round "5.11"]
[White "Timar-Geng, Dr. Zoltan"]
[Black "Vranidis, Athanassios"]
[Result "0-1"]
[WhiteElo "1850"]
[BlackElo "1936"]
[PlyCount "94"]
[EventDate "2017.??.??"]

1. d4 Nf6 2. Bf4 d5 3. e3 e6 4. Nd2 c5 5. c3 Bd6 6. Bg3 Nc6 7. Ngf3 b6 8. Bd3
Bb7 9. Ne5 Qc7 10. Ndf3 O-O 11. Rc1 Ne7 12. Ng5 h6 13. Ngxf7 Rxf7 14. Nxf7 Kxf7
15. Bxd6 Qxd6 16. O-O e5 17. f3 Rf8 18. Rf2 Kg8 19. Qf1 c4 20. Be2 Nf5 21. Qd1
Nxe3 22. Qd2 Nf5 23. g4 Ne7 24. dxe5 Qxe5 25. Re1 Qc7 26. Bd1 Ng6 27. Rfe2 Qc5+
28. Qd4 Rf7 29. Qxc5 bxc5 30. Bc2 Nf4 31. Re7 Kf8 32. Rxf7+ Kxf7 33. Ba4 d4 34.
Re5 Nd3 35. cxd4 Nxe5 36. dxe5 Nd5 37. Bb5 Ke6 38. Kf2 Kxe5 39. Bxc4 Nf4 40. a3
Bd5 41. Ba6 c4 42. h4 g5 43. hxg5 hxg5 44. Bc8 Nd3+ 45. Ke2 Nxb2 46. Bf5 Nd3
47. Bh7 Kf4 0-1

[Event "VIII. Karnevals-Open"]
[Site "Solingen"]
[Date "2017.02.26"]
[Round "5.12"]
[White "Müdder, Melanie"]
[Black "Ipekyilmaz, Mert"]
[Result "1/2-1/2"]
[WhiteElo "1745"]
[BlackElo "1533"]
[PlyCount "113"]
[EventDate "2017.??.??"]

1. e4 e6 2. d4 d5 3. Nd2 dxe4 4. Nxe4 Nf6 5. Bd3 Nc6 6. c3 Bd7 7. Nf3 Be7 8.
O-O h6 9. Re1 O-O 10. Ne5 Nxe5 11. dxe5 Nxe4 12. Rxe4 f5 13. exf6 Rxf6 14. Qe2
Qf8 15. Bc4 Bc5 16. Be3 Bxe3 17. Rxe3 Re8 18. Rd1 Qf7 19. Red3 Re7 20. Qd2 Bc8
21. Rd8+ Re8 22. Rxe8+ Qxe8 23. Qd8 Qf8 24. Qxf8+ Rxf8 25. Kf1 Kf7 26. Rd3 Ke7
27. Rg3 g5 28. Rh3 Rf6 29. Bb5 Bd7 30. Bxd7 Kxd7 31. Rd3+ Ke7 32. Ke2 Rf5 33.
Rd4 Rb5 34. Rb4 Rxb4 35. cxb4 Kd6 36. Kf3 Ke5 37. Kg4 Kf6 38. Kh5 Kg7 39. h4
gxh4 40. Kxh4 Kg6 41. Kg4 Kf6 42. b5 Kg6 43. b4 Kf6 44. a4 Kg6 45. a5 Kf6 46.
a6 b6 47. f4 Kg6 48. Kf3 h5 49. Ke4 h4 50. Ke5 Kf7 51. f5 exf5 52. Kxf5 Ke7 53.
Ke5 Kd8 54. Ke4 Ke7 55. Ke5 Kd8 56. Kd4 Ke7 57. Ke5 1/2-1/2

[Event "VIII. Karnevals-Open"]
[Site "Solingen"]
[Date "2017.02.26"]
[Round "5.13"]
[White "Foth, Stefan"]
[Black "Küppers, Timo"]
[Result "1/2-1/2"]
[WhiteElo "1735"]
[BlackElo "2202"]
[PlyCount "70"]
[EventDate "2017.??.??"]

1. d4 Nf6 2. Nf3 e6 3. b3 c5 4. Bb2 b6 5. e3 Bb7 6. Be2 Be7 7. Nc3 O-O 8. h3 d6
9. Bd3 Nc6 10. a3 Rc8 11. O-O a6 12. Ne4 Na5 13. Ng3 c4 14. Be2 cxb3 15. cxb3
Rc7 16. Bd3 Qa8 17. b4 Nc4 18. Bxc4 Rxc4 19. Nd2 Rc7 20. f3 Nd5 21. Qb3 Rfc8
22. Rac1 Bg5 23. Rxc7 Bxe3+ 24. Kh1 Rxc7 25. Nde4 Qd8 26. Re1 Bf4 27. Ne2 Qh4
28. Rd1 Ne3 29. Nxf4 Nxd1 30. Nxe6 Qe1+ 31. Kh2 Re7 32. N6g5 h6 33. Nxf7 Rxf7
34. Nxd6 Qe7 35. Nxf7 Qxf7 1/2-1/2

[Event "VIII. Karnevals-Open"]
[Site "Solingen"]
[Date "2017.02.26"]
[Round "5.14"]
[White "Weinkauf, Viktor"]
[Black "Gassmann, Dr. Volker"]
[Result "0-1"]
[WhiteElo "1713"]
[BlackElo "2155"]
[PlyCount "120"]
[EventDate "2017.??.??"]

1. e4 Nf6 2. e5 Nd5 3. c4 Nb6 4. c5 Nd5 5. Bc4 e6 6. d4 d6 7. cxd6 cxd6 8. Bxd5
exd5 9. Nf3 Be7 10. Bf4 O-O 11. exd6 Bxd6 12. Bxd6 Qxd6 13. O-O Bg4 14. h3 Bh5
15. Nbd2 Nc6 16. Qb3 b6 17. Rfe1 Rac8 18. Rac1 Rc7 19. Rc3 Na5 20. Qc2 Rxc3 21.
Qxc3 f6 22. b4 Nc6 23. a3 Rc8 24. Rc1 Ne7 25. Qb2 Rc6 26. b5 Rc7 27. Rc3 Qd7
28. a4 Qc8 29. Rxc7 Qxc7 30. Ne1 Bg6 31. Qb4 Kf7 32. Nef3 Bd3 33. g3 h6 34. Nf1
Qc1 35. N3d2 Ke6 36. Kg2 Bxf1+ 37. Nxf1 Qc4 38. Qe1+ Kf7 39. Qd1 Nf5 40. Ne3
Qxd4 41. Qxd4 Nxd4 42. Nxd5 Ke6 43. Nf4+ Ke7 44. f3 Ne6 45. Nd3 Kd6 46. Kf2 Kd5
47. Nb4+ Kc5 48. Nc6 a6 49. Ne7 axb5 50. axb5 Kxb5 51. Ke3 Kc4 52. Ke4 b5 53.
Kf5 Nd4+ 54. Kg6 b4 55. Nc8 Kc5 56. Kxg7 b3 57. Kxf6 b2 58. f4 b1=Q 59. g4 Qb8
60. f5 Qxc8 0-1

[Event "VIII. Karnevals-Open"]
[Site "Solingen"]
[Date "2017.02.26"]
[Round "5.15"]
[White "Lübeck, Dr. Stephan"]
[Black "Humbek, Olav"]
[Result "1-0"]
[WhiteElo "1988"]
[BlackElo "1762"]
[PlyCount "63"]
[EventDate "2017.??.??"]

1. d4 d5 2. Nf3 Nc6 3. e3 Bg4 4. c4 e5 5. Qb3 Bxf3 6. gxf3 exd4 7. cxd5 Na5 8.
Qa4+ c6 9. Bd2 dxe3 10. fxe3 Qxd5 11. Qxa5 Qxf3 12. Rg1 Be7 13. Be2 Bh4+ 14.
Kd1 Qf2 15. Qe5+ Ne7 16. Rf1 Bf6 17. Qxe7+ Kxe7 18. Rxf2 Bxb2 19. Bc3 Rad8+ 20.
Kc2 Bxa1 21. Bxa1 f6 22. Rg2 g6 23. Bc3 Rhe8 24. Rf2 f5 25. e4 Kd7 26. exf5
gxf5 27. Bd3 h6 28. Rxf5 Rg8 29. Nd2 Kc7 30. Ba5+ b6 31. Bc3 Rdf8 32. Rh5 1-0

[Event "VIII. Karnevals-Open"]
[Site "Solingen"]
[Date "2017.02.26"]
[Round "5.16"]
[White "Schmuck, Markus"]
[Black "Toval, David"]
[Result "1/2-1/2"]
[WhiteElo "1945"]
[BlackElo "1739"]
[PlyCount "69"]
[EventDate "2017.??.??"]

1. d4 Nf6 2. Nf3 e6 3. Bf4 b6 4. e3 Bb7 5. Nbd2 d5 6. Bd3 Nbd7 7. c3 c5 8. O-O
Be7 9. Qe2 O-O 10. Ne5 Nxe5 11. dxe5 Nd7 12. Bg3 f5 13. Rad1 c4 14. Nxc4 dxc4
15. Bxc4 Bd5 16. Bxd5 exd5 17. Rxd5 Qc8 18. b4 a5 19. a3 Qc6 20. Qd3 Rfd8 21.
b5 Qb7 22. c4 g6 23. Rd1 Nc5 24. Qc2 Ne4 25. e6 Nxg3 26. hxg3 Rxd5 27. cxd5
Bxa3 28. d6 Bc5 29. Qb3 a4 30. Qa2 a3 31. e7+ Kg7 32. Qa1+ Kf7 33. Qa2+ Kf6 34.
Qa1+ Kf7 35. Qa2+ 1/2-1/2

[Event "VIII. Karnevals-Open"]
[Site "Solingen"]
[Date "2017.02.26"]
[Round "5.17"]
[White "Borchert, Stephan"]
[Black "Ipekyilmaz, Tayfun"]
[Result "1-0"]
[WhiteElo "1934"]
[BlackElo "1697"]
[PlyCount "53"]
[EventDate "2017.??.??"]

1. e4 e5 2. Nf3 Nc6 3. Bc4 Nf6 4. d4 exd4 5. e5 d5 6. Bb5 Bb4+ 7. c3 dxc3 8.
bxc3 Be7 9. exf6 Bxf6 10. Ba3 Be6 11. Nd4 Bxd4 12. Qxd4 Qg5 13. Nd2 a6 14.
Bxc6+ bxc6 15. Qc5 Kd7 16. Nb3 Rhe8 17. O-O Bh3 18. g3 Bxf1 19. Rxf1 Qg6 20. c4
Qd6 21. Qa5 Qe5 22. Nc5+ Kc8 23. Qa4 Qf6 24. cxd5 Re2 25. Qg4+ Re6 26. dxe6
fxe6 27. Nxe6 1-0

[Event "VIII. Karnevals-Open"]
[Site "Solingen"]
[Date "2017.02.26"]
[Round "5.18"]
[White "Schimnatkowski, Lukas"]
[Black "Gallas, Noel"]
[Result "1-0"]
[WhiteElo "1928"]
[BlackElo "1666"]
[PlyCount "59"]
[EventDate "2017.??.??"]

1. e4 e5 2. d4 exd4 3. Nf3 Nc6 4. Bc4 Nf6 5. e5 d5 6. Bb5 Ne4 7. Nxd4 Bd7 8.
Bxc6 bxc6 9. O-O Be7 10. f3 Ng5 11. f4 Ne4 12. Be3 c5 13. Nf3 Bf5 14. Nbd2 Rb8
15. c4 O-O 16. cxd5 Rxb2 17. Nc4 Rb4 18. Rc1 Rb5 19. a3 Qd7 20. Qa4 Rfb8 21.
Rfd1 Rb3 22. Qxa7 Nc3 23. Rxc3 Rxc3 24. Qxb8+ Qc8 25. Qxc8+ Bxc8 26. d6 cxd6
27. Nxd6 Be6 28. Bf2 h6 29. Ne4 c4 30. Nxc3 1-0

[Event "VIII. Karnevals-Open"]
[Site "Solingen"]
[Date "2017.02.26"]
[Round "5.19"]
[White "Asadzade, Idris"]
[Black "Berelowitsch, Dana"]
[Result "1-0"]
[WhiteElo "1835"]
[BlackElo "1528"]
[PlyCount "105"]
[EventDate "2017.??.??"]

1. Nf3 d5 2. c4 e6 3. g3 Nf6 4. Bg2 Be7 5. O-O O-O 6. d4 c5 7. cxd5 exd5 8. Nc3
Nc6 9. a3 Bg4 10. dxc5 Bxc5 11. b4 Bb6 12. Bb2 Rc8 13. Na4 Re8 14. Re1 Ne4 15.
Nxb6 Qxb6 16. Nd4 Nf6 17. h3 Bh5 18. g4 Bg6 19. Nxc6 Rxc6 20. Bd4 Qb5 21. Bxf6
Rxf6 22. Qxd5 Qb6 23. e3 Rc6 24. Qd7 Rce6 25. Qxb7 Qd8 26. Rad1 Qh4 27. Qxa7 h5
28. Rd4 Rf6 29. Rf1 hxg4 30. Rxg4 Qh5 31. Qc7 Bf5 32. Rg3 Bd3 33. Qc3 Qf5 34.
Rf3 Qg6 35. Rg3 Qf5 36. e4 Bxe4 37. Bxe4 Rxe4 38. Qd3 Qe5 39. Rg2 Qe6 40. Qg3
Rg6 41. Qb8+ Kh7 42. Rxg6 Qxg6+ 43. Qg3 Qe6 44. Kh2 Re5 45. Rd1 Qe7 46. Rd7 Qf6
47. Rd4 Rh5 48. Rf4 Qe7 49. Qf3 Qe5 50. Qe4+ Qxe4 51. Rxe4 Rf5 52. Kg3 Kg6 53.
a4 1-0

[Event "VIII. Karnevals-Open"]
[Site "Solingen"]
[Date "2017.02.26"]
[Round "5.20"]
[White "Hörhold, Karola"]
[Black "Vehmeyer, Thomas"]
[Result "1/2-1/2"]
[WhiteElo "1567"]
[BlackElo "1804"]
[PlyCount "63"]
[EventDate "2017.??.??"]

1. e4 d5 2. exd5 Qxd5 3. Nc3 Qd6 4. Bc4 c6 5. a4 Nf6 6. h3 e5 7. Qe2 Bf5 8. d3
Be7 9. Ne4 Nxe4 10. dxe4 Be6 11. Bd3 O-O 12. Nf3 f5 13. exf5 Bxf5 14. Bxf5 Rxf5
15. O-O Nd7 16. Be3 Nb6 17. Nd2 Raf8 18. b3 Nd5 19. Qc4 Kh8 20. Ne4 Qg6 21. Bc5
Bxc5 22. Qxc5 Nf4 23. Ng3 Ne6 24. Qxa7 R5f7 25. Qe3 Qxc2 26. Rac1 Qb2 27. Rb1
Qd4 28. Rbd1 Qxe3 29. fxe3 Rxf1+ 30. Rxf1 Rxf1+ 31. Nxf1 Nc5 32. Nd2 1/2-1/2

[Event "VIII. Karnevals-Open"]
[Site "Solingen"]
[Date "2017.02.26"]
[Round "5.21"]
[White "Tremöhlen, Thomas"]
[Black "Meckel, Helmut"]
[Result "1-0"]
[WhiteElo "1937"]
[BlackElo "1782"]
[PlyCount "51"]
[EventDate "2017.??.??"]

1. e4 e5 2. Nc3 Nf6 3. f4 d5 4. fxe5 Nxe4 5. Qf3 Nxc3 6. dxc3 Be7 7. Bf4 Bf5 8.
O-O-O c6 9. Qg3 Bg6 10. h4 Kf8 11. h5 Bf5 12. Nf3 h6 13. Nd4 Bh7 14. Bd3 Bc5
15. e6 Bxd4 16. Bd6+ Kg8 17. e7 Qe8 18. cxd4 Nd7 19. Rhf1 Bxd3 20. Rxd3 Kh7 21.
Qf4 f6 22. Qf5+ g6 23. hxg6+ Kg7 24. Rdf3 h5 25. Qe6 Kxg6 26. Rg3+ 1-0

[Event "VIII. Karnevals-Open"]
[Site "Solingen"]
[Date "2017.02.26"]
[Round "5.22"]
[White "Brinkmann, Katharina"]
[Black "Kowalzick, Uwe"]
[Result "1-0"]
[WhiteElo "1777"]
[BlackElo "1707"]
[PlyCount "50"]
[EventDate "2017.??.??"]

1. d4 d5 2. c4 dxc4 3. Nc3 Nf6 4. e4 e6 5. Bxc4 a6 6. Nge2 Be7 7. O-O b5 8. Bd3
Bb7 9. Ng3 O-O 10. e5 Ne8 11. Qg4 f5 12. exf6 Bxf6 13. Qxe6+ Kh8 14. Qh3 Bh4
15. Nf5 Be7 16. Nxe7 Nf6 17. Ng6+ Kg8 18. Nxf8 Qxf8 19. Bg5 Nbd7 20. Rfe1 h6
21. Bxf6 Nxf6 22. Ne4 Bc8 23. Nxf6+ gxf6 24. Qg3+ Kh8 25. Qxc7 Qg8 1-0

[Event "VIII. Karnevals-Open"]
[Site "Solingen"]
[Date "2017.02.26"]
[Round "5.23"]
[White "Falkenberg, Hendrik"]
[Black "Boschek, Dr. Hans-Joachim"]
[Result "1-0"]
[WhiteElo "1843"]
[BlackElo "1946"]
[PlyCount "57"]
[EventDate "2017.??.??"]

1. d4 Nf6 2. c4 e6 3. g3 c5 4. d5 exd5 5. cxd5 d6 6. Nc3 g6 7. Bg2 Bg7 8. e4
O-O 9. Nge2 Re8 10. O-O b5 11. e5 Rxe5 12. Bf4 Re8 13. Nxb5 Bf8 14. Qd2 a6 15.
Na3 Nbd7 16. Nc4 Nb6 17. Na5 Bd7 18. Nc3 Na4 19. Nc6 Bxc6 20. dxc6 Qa5 21. Nxa4
Qxa4 22. b3 Qb5 23. Rfe1 Rxe1+ 24. Rxe1 Re8 25. Bg5 Bg7 26. Bxf6 Rxe1+ 27. Qxe1
Bxf6 28. Qe8+ Kg7 29. Bd5 1-0

[Event "VIII. Karnevals-Open"]
[Site "Solingen"]
[Date "2017.02.26"]
[Round "5.24"]
[White "Harringer, Dr. Manfred"]
[Black "Klugstedt, Vincent"]
[Result "1/2-1/2"]
[WhiteElo "2004"]
[BlackElo "1635"]
[PlyCount "72"]
[EventDate "2017.??.??"]

1. e4 c5 2. Nf3 Nc6 3. Bb5 g6 4. O-O Bg7 5. Re1 Nf6 6. c3 d6 7. d4 Bd7 8. Nbd2
O-O 9. d5 Nb8 10. Bf1 b5 11. Rb1 a5 12. a4 b4 13. Nc4 Re8 14. cxb4 cxb4 15. b3
Na6 16. Bb2 Nc5 17. Nfd2 Qc7 18. h3 Rec8 19. f4 Qa7 20. Kh1 Nh5 21. Qf3 Nf6 22.
Bd4 Qb7 23. g4 h5 24. g5 Ne8 25. Bxg7 Nxg7 26. Bg2 Ra6 27. Rbc1 Qc7 28. Qe3 e6
29. dxe6 fxe6 30. Rc2 Rc6 31. Rec1 Kh7 32. Qe2 Rf8 33. Rf1 Rc8 34. Rfc1 Rf8 35.
Rf1 Rc8 36. Rfc1 Rf8 1/2-1/2

[Event "VIII. Karnevals-Open"]
[Site "Solingen"]
[Date "2017.02.26"]
[Round "5.25"]
[White "Gawlick, Matthias"]
[Black "Hanke, Stefan"]
[Result "0-1"]
[WhiteElo "1645"]
[BlackElo "1924"]
[PlyCount "56"]
[EventDate "2017.??.??"]

1. d4 Nf6 2. Nf3 d5 3. g3 c6 4. Bg2 Bf5 5. b3 h6 6. Bb2 e6 7. O-O Be7 8. Nbd2
O-O 9. c4 a5 10. a3 Na6 11. Ne5 Bd6 12. Nd3 Bxd3 13. exd3 b5 14. c5 Bb8 15. Qe2
Re8 16. f4 Ra7 17. Rae1 Rae7 18. Nf3 Bc7 19. Qd2 Nd7 20. Re2 b4 21. a4 Nab8 22.
Rfe1 Nf8 23. Bh3 Nbd7 24. Qe3 Ng6 25. Qf2 Bxf4 26. Nh4 Nxh4 27. Qxf4 Ng6 28.
Qf3 Nf6 0-1

[Event "VIII. Karnevals-Open"]
[Site "Solingen"]
[Date "2017.02.26"]
[Round "5.26"]
[White "Bigott, Martin"]
[Black "Holdsch, Peter-Michael"]
[Result "1-0"]
[WhiteElo "1865"]
[BlackElo "1598"]
[PlyCount "51"]
[EventDate "2017.??.??"]

1. e4 e5 2. Nf3 d6 3. Bc4 Be7 4. O-O Nf6 5. d3 O-O 6. h3 Nc6 7. c3 Bd7 8. b4 a6
9. a4 Qc8 10. Kh2 h6 11. Be3 Kh7 12. Nbd2 Nd8 13. d4 exd4 14. Nxd4 Nc6 15. f4
Nxd4 16. Bxd4 Bc6 17. Qc2 Kh8 18. Rae1 b5 19. axb5 axb5 20. Ba2 Qb7 21. Bb1 Nh7
22. e5 f5 23. exf6 Nxf6 24. Bxf6 Kg8 25. Rxe7 Rxf6 26. Qh7+ 1-0

[Event "VIII. Karnevals-Open"]
[Site "Solingen"]
[Date "2017.02.26"]
[Round "5.27"]
[White "Tanz, Manfred"]
[Black "Bießner, Eberhard"]
[Result "0-1"]
[WhiteElo "1629"]
[BlackElo "1833"]
[PlyCount "113"]
[EventDate "2017.??.??"]

1. d4 Nf6 2. Nf3 d5 3. e3 Bf5 4. Be2 Nbd7 5. O-O e6 6. c4 dxc4 7. Bxc4 Nb6 8.
Bb3 Bd6 9. Nc3 Ne4 10. Bc2 Nxc3 11. bxc3 Bg6 12. e4 O-O 13. e5 Be7 14. Bxg6
hxg6 15. a4 c5 16. a5 Nd5 17. c4 Nc3 18. Qc2 cxd4 19. Bb2 Bc5 20. Bxc3 dxc3 21.
Qxc3 Qc7 22. Ng5 Be7 23. Ne4 Rfc8 24. Nd6 Bxd6 25. exd6 Qxd6 26. Rac1 Rc5 27.
Rfd1 Qc7 28. a6 b5 29. Qf3 Rc8 30. h3 Rxc4 31. Rxc4 bxc4 32. Qb7 Qxb7 33. axb7
Rb8 34. Rc1 Rxb7 35. Rxc4 Kf8 36. Ra4 Ke7 37. Kf1 Rd7 38. Ke2 Kd8 39. Ke3 Kc8
40. g4 Kb7 41. f4 Kb6 42. Ke4 Kb5 43. Ra1 a5 44. Rb1+ Kc4 45. h4 a4 46. Ke3 a3
47. Rb8 Ra7 48. Rb1 a2 49. Ra1 Kb3 50. f5 gxf5 51. gxf5 exf5 52. Kf4 Kb2 53.
Rg1 a1=Q 54. Rg2+ Kb3 55. Rg3+ Kc4 56. h5 Qf1+ 57. Rf3 0-1

[Event "VIII. Karnevals-Open"]
[Site "Solingen"]
[Date "2017.02.26"]
[Round "5.28"]
[White "Fränzel, Dr. Marius"]
[Black "Dziewas, Prof. Dr. Ralf"]
[Result "1-0"]
[WhiteElo "1809"]
[BlackElo "1180"]
[PlyCount "83"]
[EventDate "2017.??.??"]

1. e4 c5 2. c3 Nc6 3. d4 d6 4. Nf3 Nf6 5. Qc2 a6 6. h3 Bd7 7. Be3 Rc8 8. d5 Ne5
9. Nxe5 dxe5 10. Be2 c4 11. O-O Rc7 12. Nd2 b5 13. f4 exf4 14. Bxf4 Rb7 15. Bf3
Qb6+ 16. Kh1 e6 17. Rfe1 Qf2 18. Re2 Qh4 19. Bh2 h5 20. e5 Ng4 21. Kg1 Bc5+ 22.
Kh1 Nf2+ 23. Rxf2 Bxf2 24. Ne4 Bb6 25. Nd6+ Ke7 26. Nxb7 g5 27. Qe4 g4 28. Qf4
f5 29. exf6+ Kf7 30. Nd6+ Kf8 31. Ne4 e5 32. Qxe5 Rh7 33. Bg3 gxf3 34. Bxh4
fxg2+ 35. Kxg2 Bc7 36. d6 Bd8 37. Ng5 Rh6 38. Rf1 Bc6+ 39. Kh2 b4 40. Ne6+ Kg8
41. Rg1+ Kf7 42. Nxd8+ 1-0

[Event "VIII. Karnevals-Open"]
[Site "Solingen"]
[Date "2017.02.26"]
[Round "5.29"]
[White "Lukoviczki, Matyas"]
[Black "Mukovskiy, Peter"]
[Result "1-0"]
[WhiteElo "1782"]
[BlackElo "1163"]
[PlyCount "41"]
[EventDate "2017.??.??"]

1. e4 c5 2. f4 Nc6 3. a3 d6 4. Nf3 g6 5. Bc4 Bg4 6. Bxf7+ Kxf7 7. Ng5+ Ke8 8.
Qxg4 Nh6 9. Qd1 e5 10. d3 Qf6 11. O-O exf4 12. Rxf4 Qd4+ 13. Kh1 Qe5 14. Nc3
Ne7 15. Qf3 Kd7 16. Nf7 Nxf7 17. Rxf7 Kc6 18. Bd2 a6 19. Rf1 Rb8 20. Ne2 Qxb2
21. Bc3 1-0

[Event "VIII. Karnevals-Open"]
[Site "Solingen"]
[Date "2017.02.26"]
[Round "5.30"]
[White "Ehringfeld, Michael"]
[Black "Bungarten, Jona"]
[Result "0-1"]
[WhiteElo "1585"]
[BlackElo "1716"]
[PlyCount "106"]
[EventDate "2017.??.??"]

1. d4 d5 2. Nf3 Nf6 3. Bf4 c5 4. c3 Nc6 5. e3 Qb6 6. Qb3 c4 7. Qxb6 axb6 8. Be2
Bf5 9. Nbd2 e6 10. O-O Be7 11. b3 b5 12. Ne5 b4 13. bxc4 bxc3 14. Nb3 Ba3 15.
Nxc6 bxc6 16. Be5 Bb2 17. Bxf6 gxf6 18. cxd5 Bxa1 19. Rxa1 cxd5 20. Bb5+ Ke7
21. a4 Rab8 22. Rc1 c2 23. f3 Kd6 24. e4 dxe4 25. Rxc2 Rbc8 26. Re2 exf3 27.
gxf3 Rc3 28. Nd2 Bd3 29. Ne4+ Bxe4 30. fxe4 Rhc8 31. Kf2 Rc2 32. e5+ fxe5 33.
dxe5+ Kd5 34. Bd3 Rxe2+ 35. Kxe2 Kxe5 36. a5 f5 37. a6 Ra8 38. Ke3 Ra7 39. h3
h6 40. Be2 Rc7 41. Kd3 f4 42. Bf3 Ra7 43. Bb7 Kf5 44. Bc8 Ke5 45. Ke2 Ke4 46.
Bb7+ Kd4 47. Kf3 e5 48. h4 h5 49. Bc8 e4+ 50. Kf2 f3 51. Bb7 e3+ 52. Kxf3 Kd3
53. Be4+ Kd2 0-1

[Event "VIII. Karnevals-Open"]
[Site "Solingen"]
[Date "2017.02.26"]
[Round "5.31"]
[White "Bashylina, Luisa"]
[Black "Harnack, Dr. Bernhard"]
[Result "1/2-1/2"]
[WhiteElo "1538"]
[BlackElo "1711"]
[PlyCount "47"]
[EventDate "2017.??.??"]

1. e4 e6 2. d4 d5 3. e5 c5 4. c3 Qb6 5. Nf3 Nc6 6. Bd3 Bd7 7. O-O cxd4 8. cxd4
Nxd4 9. Nxd4 Qxd4 10. Nc3 a6 11. Qe2 Qb6 12. b3 g6 13. Kh1 Bg7 14. Bb2 Ne7 15.
Rac1 O-O 16. f4 Rac8 17. Qd2 f5 18. Ne2 Rxc1 19. Rxc1 Rc8 20. h3 Rxc1+ 21. Qxc1
Qc6 22. Qd2 Qc8 23. Nd4 Nc6 24. Kh2 1/2-1/2

[Event "VIII. Karnevals-Open"]
[Site "Solingen"]
[Date "2017.02.26"]
[Round "5.32"]
[White "Poschadel, Andreas Gregor"]
[Black "Reinacher, Detlev"]
[Result "0-1"]
[WhiteElo "1442"]
[BlackElo "1705"]
[PlyCount "70"]
[EventDate "2017.??.??"]

1. e4 d6 2. d4 g6 3. f4 Bg7 4. Nf3 Nf6 5. Nc3 O-O 6. Be2 c6 7. O-O Nbd7 8. h3
Qc7 9. Be3 Nh5 10. Kh2 Bh6 11. Qd2 e5 12. f5 Bxe3 13. Qxe3 exd4 14. Nxd4 d5+
15. Kg1 Ng3 16. Rfe1 dxe4 17. fxg6 hxg6 18. Nxe4 Nxe4 19. Qxe4 Nc5 20. Qe3 Bd7
21. Nf3 b6 22. Qh6 Be6 23. Ng5 Rfd8 24. h4 Qe5 25. Qh7+ Kf8 26. Nxe6+ Nxe6 27.
Qh6+ Kg8 28. h5 Qd4+ 29. Kh1 Qh4+ 30. Kg1 Nf4 31. Bf3 Rd2 32. Rf1 Rad8 33. Rae1
Nh3+ 34. gxh3 Qg3+ 35. Kh1 Qh2# 0-1

[Event "VIII. Karnevals-Open"]
[Site "Solingen"]
[Date "2017.02.26"]
[Round "5.33"]
[White "Eich, Philipp"]
[Black "Hufnagel, Markus"]
[Result "1-0"]
[WhiteElo "1307"]
[BlackElo "1680"]
[PlyCount "47"]
[EventDate "2017.??.??"]

1. d4 Nf6 2. c4 e5 3. dxe5 Ng4 4. Bf4 Nc6 5. Nf3 Bc5 6. e3 Qe7 7. a3 a5 8. Nc3
Ngxe5 9. Nxe5 Nxe5 10. Nd5 Qd6 11. Qh5 c6 12. Bxe5 cxd5 13. Bxd6 Bxd6 14. Qxd5
Be7 15. Bd3 O-O 16. Qe4 g6 17. Qxe7 d6 18. O-O Be6 19. Rab1 Rac8 20. Qxb7 Rb8
21. Qc7 a4 22. Bc2 Rbc8 23. Qxd6 Bxc4 24. Rfc1 1-0